LEADER 01165nam2-2200397---450- 001 990003021480203316 005 20071126105730.0 010 $a2-7000-0158-3 035 $a000302148 035 $aUSA01000302148 035 $a(ALEPH)000302148USA01 035 $a000302148 100 $a20071126d1976----km-y0itay50------ba 101 $afre 102 $aFR 105 $a||||||||001yy 200 1 $a<> : Styrsky-Zyw$fE. Benezit 205 $aNouvelle ed. entierement refoundue , revue et corrigee$fsous la direction des heritiers de E. Benezit 210 $aParis$cGrund$dcopyr. 1976 215 $a942 p.$d25 cm 410 0$12001 454 1$12001 461 1$1001000302127$12001 606 0 $aArtisti$xBiografie$xEnciclopedie e dizionari 606 $aIncisori$xEnciclopedie e dizionari 606 0 $aScultori$xEnciclopedie e dizionari 676 $a709.2 700 1$aBENEZIT,$bEmmanuel$0434372 801 0$aIT$bsalbc$gISBD 912 $a990003021480203316 951 $aV A 4 BEN 10$b1386/i DBC$cV A 959 $aBK 969 $aDBC 979 $aDBC$b90$c20071126$lUSA01$h1057 996 $aStyrsky-Zyw$91025306 997 $aUNISA LEADER 01107nam0-22003011i-450- 001 990009950270403321 005 20150331181439.0 012 $aen,e 7.7. 6.r- (ane (3) 1700 (Q)$2fei$5IT-NA0105 035 $a000995027 035 $aFED01000995027 035 $a(Aleph)000995027FED01 035 $a000995027 100 $a20150331f17501760km-y0itay50------ba 101 0 $aita 102 $aIT 140 $aa-------------------bb0----- 200 1 $aNuova memoria da umiliarsi a sua Maestą che Dio sempre guardi, e feliciti dell'Avvocato Carlo Franchi in nome de Consegnatarj dell'Arrendamento de' sali di Puglia 210 $a[S.l.$cs. n.$ddopo il 1750] 215 $aCVI p.$c24 cm 676 $a340.5$v20$zita 700 1$aFranchi,$bCarlo$0180091 801 0$aIT$bUNINA$gRICA$2UNIMARC 901 $aAQ 912 $a990009950270403321 952 $aSG 900/B 192 (B)$bs.i.$fFLFBC 959 $aFLFBC 996 $aNuova memoria da umiliarsi a sua Maestą che Dio sempre guardi, e feliciti dell'Avvocato Carlo Franchi in nome de Consegnatarj dell'Arrendamento de' sali di Puglia$9821314 997 $aUNINA LEADER 00827nam0-22003131i-450- 001 990006098390403321 005 20060619094449.0 035 $a000609839 035 $aFED01000609839 035 $a(Aleph)000609839FED01 035 $a000609839 100 $a20000112d1992----km-y0itay50------ba 101 0 $aita 102 $aIT 200 1 $aStato e feudalitą in Sicilia$ecorso universitario$fRaffaele Ajello 210 $aNapoli$cJovene$d1992 215 $aXI, 228 p.$d21 cm 676 $a340.5 676 $a945.807 700 1$aAjello,$bRaffaele$05600 801 0$aIT$bUNINA$gRICA$2UNIMARC 901 $aBK 912 $a990006098390403321 952 $aV E 278$b19117*$fFGBC 952 $aIII 12$b842$fDDCIC 959 $aFGBC 959 $aDDCIC 996 $aStato e feudalitą in Sicilia$9148018 997 $aUNINA